Customer Care (Record no. 3696)

MARC details
000 -LEADER
fixed length control field 00385nam a22001697a 4500
005 - DATE AND TIME OF LATEST TRANSACTION
control field 20160623152624.0
008 - FIXED-LENGTH DATA ELEMENTS--GENERAL INFORMATION
fixed length control field 160623b xxu||||| |||| 00| 0 eng d
020 ## - INTERNATIONAL STANDARD BOOK NUMBER
ISBN 81-7375-315-4
041 ## - LANGUAGE CODE
Language code of text/sound track or separate title eng
082 ## - DEWEY DECIMAL CLASSIFICATION NUMBER
Item number 9607
100 ## - MAIN ENTRY--AUTHOR NAME
Personal name Frances and other
245 ## - TITLE STATEMENT
Title Customer Care
260 ## - PUBLICATION, DISTRIBUTION, ETC. (IMPRINT)
Name of publisher University Press
Year of publication 2008
300 ## - PHYSICAL DESCRIPTION
Number of Pages 77
650 ## - SUBJECT ADDED ENTRY--TOPICAL TERM
Topical Term Management
942 ## - ADDED ENTRY ELEMENTS (KOHA)
Koha item type Books
Holdings
Lost status Damaged status Collection code Home library Current library Shelving location Date acquired Cost, normal purchase price Accession Number Koha item type
    LIFE SKILL JRU Library JRU Library SHELF-102-I 23/06/2016 140.00 9607 Books